LEADER 00910nam a2200229 i 4500 001 000000227189 003 CaOOAMICUS 005 20140217000000.0 008 140217s1969 it u000 u ita u 013 $a206091 040 $aSeMil$bita 245 10$aUganda: la perdita e la riconquista della perla del Nilo Bianco /$cHosea Jaffe. 260 $aMilano :$bJaca Book,$c1969. 300 $a117 p. ;$c21 cm. 490 0 $aPiccola serie ;$v27 650 4$aUganda - Storia.$0(OLS)http://semarc/subject/34776 830 0$aPiccola serie ;$v27.$0(OLS)http://semarc/title/6271 850 $aSeMil 852 $aSeMil$W1$xVenegono$y1$m3V V 15$j177535$B177535$CSeMilBibl$Z2$F189614 $81 961 $aOmaggio: Ferrario mons. Emilio 996 $6245$aUganda: la perdita e la riconquista della perla del Nilo Bianco$9(OLS)http://semarc/title/325216 996 $6260$aMilano :$bJaca Book$9(OLS)http://semarc/publisher/29781 LEADER 00702nas a2200169 i 4500 001 000000019536 003 CaOOAMICUS 005 20180830125444.0 008 180830n it u0 ita u 040 $aSeMil$bita 245 10$aEstetiche del sacro /$cCoordinatore scientifico Carlo Chenis ; direttore redazionale Mauro Del Corso. 260 $aFirenze :$bEdizioni Polistampa,$c[199?] 300 $av. ;$c21 cm. 700 1 $aDel Corso, Mauro.$0(OLS)http://semarc/name/8714 700 1 $aChenis, Carlo,$c.$0(OLS)http://semarc/name/8713 996 $6245$aEstetiche del sacro$9(OLS)http://semarc/title/25704 996 $6260$aFirenze :$bEdizioni Polistampa$9(OLS)http://semarc/publisher/32064